DEVELOPING FACEBOOK PLATFORM APPLICATION (Record no. 15931)

MARC details
000 -LEADER
fixed length control field 00297nam a2200109Ia 4500
008 - FIXED-LENGTH DATA ELEMENTS--GENERAL INFORMATION
fixed length control field 240624s9999 xx 000 0 und d
041 ## - LANGUAGE CODE
Language code of text/sound track or separate title eng
082 ## - DEWEY DECIMAL CLASSIFICATION NUMBER
Classification number 658.056754 MAN
100 ## - MAIN ENTRY--PERSONAL NAME
Personal name MANGINO MICHAEL
245 ## - TITLE STATEMENT
Title DEVELOPING FACEBOOK PLATFORM APPLICATION
260 ## - PUBLICATION, DISTRIBUTION, ETC.
Date of publication, distribution, etc. 2008
Place of publication, distribution, etc. Texas
Name of publisher, distributor, etc. Pragmatic Bookshelf
Holdings
Withdrawn status Lost status Damaged status Not for loan Home library Current library Shelving location Date acquired Source of acquisition Cost, normal purchase price Total Holds Full call number Barcode Date last seen Copy number Price effective from Koha item type
        IMTN IMTN Rack 20-B 11/22/2010 FK 1153.00 32767 658.056754 MAN 15931 06/24/2024 1 06/24/2024 Books
Designed & Maintained by: LRC IMT Nagpur Contact: lrc@imtnag.ac.in© 2024. All Rights Reserved.